000 002810000a22000970004500
100 1 _aDeiros, Pablo A. (Alberto) (1945-)
245 1 0 _aEvangelización el las casas
300 _aVol. 1, Num 3 (Octubre a Diciembre de 1982), Páginas 30-31
773 0 _tIglesia y Misión
942 _cANA
999 _c51305
_d51305